000 00303nam a22001457a 4500
008 230321b ||||| |||| 00| 0 eng d
020 _a0060933763
041 _aeng
080 _a781
082 _a781GIN
100 _a20
101 _aMUZIK
245 _aALLEN G
_cSELECTED POEMS
942 _2udc
_cBK
999 _c59405
_d59405